header

Women, partisanship, and the Congress (Record no. 187584)

MARC details
000 -LEADER
fixed length control field 01650nam a2200337Ia 4500
082 04 - DEWEY DECIMAL CLASSIFICATION NUMBER
Classification number 305.43/32873
100 1# - MAIN ENTRY--AUTHOR NAME
Personal name Jones Evans, Jocelyn.
245 10 - TITLE STATEMENT
Title Women, partisanship, and the Congress
260 ## - PUBLICATION, DISTRIBUTION, ETC. (IMPRINT)
Place of publication New York :
Name of publisher Palgrave Macmillan,
Year of publication 2005.
300 ## - PHYSICAL DESCRIPTION
Number of Pages xii, 161 p. :
Other physical details ill.
505 0# - FORMATTED CONTENTS NOTE
Formatted contents note 1. Does partisanship impact women's legislative behavior? -- 2. Does partisanship shape women's experience in the district? : the electoral connection -- 3. Do women in congress vote alike? : the institutional connection -- 4. Does partisanship shape women's participation in the party organization? : the organizational connection -- 5. The matrix of women's participation in congress.
650 #0 - SUBJECT ADDED ENTRY--TOPICAL TERM
Topical Term Women legislators
Topical Term Women
856 40 - ELECTRONIC LOCATION AND ACCESS
Uniform Resource Identifier http://site.ebrary.com/lib/rucke/Doc?id=10135418

No items available.

© 2026 Rongo University
Contact us: librarian | system librarian | Rongo university